00340nam a2200145Ia 4500020001800000082001900018100002300037245004800060250000600108260002500114300000800139546001200147650001400159700002100173 a9788131731819 a658.83bNAR/MA aNaresh Malhotra, K aMarketing research : an applied orientation a6 aDelhibPearsonc2011 a947 aEnglish amarketing aSatyabhushan Das